000 00398nam a2200133Ia 4500
008 230917s9999||||xx |||||||||||||| ||und||
040 _e93285
_aMAIN
041 _aEnglish
082 _a610 B18R
100 _aBal Krishan
245 0 _aRole of antiplatelets (aspirin) in prevention of left ventricular thrombosis (lvt) in patients with acute myocardial infraction
300 _a94 p.
942 _cTH
999 _c86336
_d86336